000 00690nam a2200265Ia 4500
003 OSt
005 20220924121322.0
006 a|||||r|||| 00| 0
007 ta
008 220923b |||||||| |||| 00| 0 urd d
020 _c3.50
024 _a326895
037 _cTextual
040 _aARTS
_cARTS
_burd
041 _2urd
_aurd
082 _aS55, 168H9
100 _aAbdul Hai Muhammd Au.
_9185291
245 0 _aJins-e-Lateef
260 _aHyderabad
_bIdarah-e-tarbiyat India
_c1949
300 _a200p.
_ccm.
650 _a WOMEN
_928101
650 _aPSYCHOLOGY
942 _hS55, 168H9
_cTEXL
_2CC
999 _c406926
_d406926